000 00262nam a22001217a 4500
008 181217b xxu||||| |||| 00| 0 eng d
041 _aeng
080 _a701
100 _a44
101 _aART
245 _aAmerican Identities
_cMickenberg,D
942 _2udc
_cBK
999 _c53219
_d53219